Predmety práv priemyselného vlastnícva a ich vplyv na hodnotu podniku

Predmety práv priemyselného vlastníctva, ich definovanie a ochrana. Spôsob stanovenia všeobecnej hodnoty predmetov priemyselného vlastníctva. Príloha č. 2 vyhlášky MS SR č. 492/2004 v znení neskorších predpisov. Investície do rozvoja nehmotných aktív v podniku.

Guardado en:
Detalles Bibliográficos
Autor principal: Čorejová, Andrea
Formato: Capítulo de libro
Lenguaje:eslovaco
Materias:
Etiquetas: Agregar Etiqueta
Sin Etiquetas, Sea el primero en etiquetar este registro!

MARC

LEADER 00000naa a2200000 4500
001 0141543
005 20231006073200.2
041 0 |a slo 
044 |a SK 
245 1 0 |a Predmety práv priemyselného vlastnícva a ich vplyv na hodnotu podniku  |c Andrea Čorejová 
520 |a Predmety práv priemyselného vlastníctva, ich definovanie a ochrana. Spôsob stanovenia všeobecnej hodnoty predmetov priemyselného vlastníctva. Príloha č. 2 vyhlášky MS SR č. 492/2004 v znení neskorších predpisov. Investície do rozvoja nehmotných aktív v podniku. 
610 2 0 |a vlastníctvo priemyselné 
610 2 0 |a ochrana práv priemyselných 
610 2 0 |a patenty 
610 2 0 |a vzory chránené 
610 2 0 |a známky ochranné 
610 2 0 |a know-how 
610 2 0 |a vlastníctvo duševné 
610 2 0 |a posudky znalecké 
100 1 |a Čorejová, Andrea